000 00855nam a2200217Ia 4500
001 11392
003 GE_BSU
008 181216s||||||||xx |||||||||||||| ||und||
040 _cGE_BSU
080 _a634.2(479.22)
100 _aწაქაძე თ.
245 _aკურკოვანი კულტურების გუმოზი საქართველოში
245 _cსაზ. რედ: ლ. ყანჩაველი, მხატვ: ს. რამიშვილი
260 _aთბილისი.
260 _bსაბჭოთა საქართველო.
260 _c1970
300 _a102გვ.20სმ.
300 _eილ.ცხრილები
653 _aკურკოვანი კულტურების გუმოზი საქართველოში
942 _cBK
999 _c44589
_d44589